Noms des Boos dans Luigi's Mansion - Statistiques

Statistiques générales
  • Ce quiz a été pris 63 fois
  • Le résultat moyen est 16 sur 39
Statistiques - réponses
Hint Réponse % Correct
Formée d'une mèche enveloppée de cire Boogie
90%
Console de Nintendo sortie en 1989 GameBoo
79%
Booario et Booigi
72%
Ivre Booré
72%
Revient toujours après avoir été lancé Boomerang
69%
Marque de politesse avant le repas Boonappétit
67%
Résulte de l'acné Booton
67%
Jeu de quilles et de boules Booling
64%
Fait de liège Boochon
62%
Métier préparant la réponse précédente Boocher
56%
Petite blague légère Bootade
56%
Chargé de divertir un prince durant le Moyen-Age Boofon
51%
Magasin, échoppe Bootique
51%
Pokémon de type Électrik Pikaboo
51%
Nécessaire à la propreté des cheveux Shambooing
49%
Personne qui met les autres en gaieté, qui anime une société {Boo}-{en} train
46%
Console de Nintendo sortie en 2001 GameBooAdvance
44%
Boyau de porc rempli de sang et de graisse assaisonné Boodin
41%
Petit chien à mâchoires saillantes Booledogue
41%
Sujet qu'on ne doit pas aborder Taboo
41%
Prénom du Premier Ministre du Royaume-Uni de 2019 à 2022 Booris
38%
Singe d'Afrique à museau allongé et aux lèvres proéminentes Babooin
36%
Peut pousser de plus d'un mètre par jour Bamboo
36%
Souffrant de prises compulsives pour manger en grande quantité Boolimique
31%
Figure de style consistant à exagérer une expression Hyperboole
31%
Renne du Canada Cariboo
28%
Interjection utilisée lorsque l'on se lamente Boohou
26%
Pirate des Antilles Boocanier
21%
Plat oriental pouvant être marocain ou libanais Taboolé
21%
Boost Turboo
21%
Petite percussion formée de peau pendue sur un cadre cylindrique Tamboorin
18%
Membres d'une des deux factions du parti Social-démocrate de Russie Boolchévique
13%
Blé dur concassé utilisé en salade Boolgour
13%
Jolie en portugais Boonita
13%
Personnage principal de Mon nom est Personne(1973) Jack {Booregard}
13%
Jeune vandale Booligan
10%
Qui a traîné dans la terre mouillée Booseux
10%
Traquenard, piège Embooscade
8%
Race de chien à poils ras {Laboorador} retriever
0%
Aucun quiz correspondant
Distribution des résultats
% des personnes avec chaque résultat
Percentile par nombre de réponses
Votre historique - résultats
Vous n’avez pas pris ce quiz